| 000 | 00863 a2200241 4500 | ||
|---|---|---|---|
| 003 | Nust | ||
| 005 | 20170207154041.0 | ||
| 010 | _a 2003017498 | ||
| 020 | _a1593270070 | ||
| 040 | _cNust | ||
| 082 | 0 | 0 | _a005.8 |
| 100 | 1 | _aErickson, Jon, | |
| 245 | 1 | 0 |
_aHacking(E-BOOK) _bthe art of exploitation / _cby Jon Erickson. |
| 260 |
_aSan Francisco : _bNo Starch Press, _cc2003. |
||
| 300 |
_axi, 241 p. : _bill. ; _c23 cm. |
||
| 650 | 0 | _aComputer hackers. | |
| 650 | 0 |
_aComputer networks _xSecurity measures. |
|
| 650 | 0 | _aComputer security. | |
| 651 | _aE-BOOK | ||
| 856 | 4 | 1 |
_3Contributor biographical information _uhttp://www.loc.gov/catdir/enhancements/fy0913/2003017498-b.html |
| 856 | 4 | 1 |
_3Publisher description _uhttp://www.loc.gov/catdir/enhancements/fy0715/2003017498-d.html |
| 856 | 4 | 1 |
_3Table of contents _uhttp://www.loc.gov/catdir/toc/ecip047/2003017498.html |
| 942 |
_2ddc _cBK |
||
| 999 |
_c192623 _d192623 |
||